000 00599nam a2200241 a 4500
001 nice12345678
003 IN_TiNIC
005 20260116011441.0
008 050524s1906 cala grp 000 0 eng
020 _a
_c100
082 0 0 _a340.59
_bAME
100 _aAmeer Ali, Syed
245 _aStudents Handbook of Mohammadan Law
260 _aCalcutta
_bThacker Spink and Company
_c1906
300 _a174p
500 _aincludes index and biblioraphy
505 2 _aerrata et addenda
650 _aIslamic-Law
700 1 _aAmeer Ali, Syed
902 _bSRS
942 _cBK
999 _c1644
_d1644